Le carrefour (Registro nro. 141796)

Detalles MARC
000 -LEADER
campo de control de longitud fija 00811nam a2200229 i 4500
001 - NÚMERO DE CONTROL
campo de control 141796
003 - IDENTIFICADOR DE NÚMERO DE CONTROL
campo de control ES-MaACL
005 - FECHA Y HORA DE LA ÚLTIMA TRANSACCIÓN
campo de control 20250927103015.0
007 - CAMPO FIJO DE DESCRIPCIÓN FÍSICA--INFORMACIÓN GENERAL
campo de control de longitud fija t|
008 - DATOS DE LONGITUD FIJA--INFORMACIÓN GENERAL
campo de control de longitud fija 070928s1928 fr ||||1| fre d
100 1# - ENTRADA PRINCIPAL--NOMBRE DE PERSONA
Nombre de persona Vinsnes, Johan Frederick.
9 (RLIN) 115338
245 13 - MENCIÓN DEL TÍTULO
Título Le carrefour
Resto del título : roman /
Mención de responsabilidad, etc. Johan Frederick Vinsnes ; traduit du norvegien par P. G. La Chesnais ; preface de Johan Bojer ; avant-propos de Lucien Maury.
260 ## - PUBLICACIÓN, DISTRIBUCIÓN, ETC.
Lugar de publicación, distribución, etc. Paris :
Nombre del editor, distribuidor, etc. [s.n.],
Fecha de publicación, distribución, etc. 1928 (
Fabricante R. Bussiere)
300 ## - DESCRIPCIÓN FÍSICA
Extensión XX, 248 p. ;
Dimensiones 19 cm.
490 1# - MENCIÓN DE SERIE
Mención de serie Le cabinet cosmopolite ;
Designación de volumen o secuencia 29
700 1# - ENTRADA AGREGADA--NOMBRE PERSONAL
Nombre de persona La Chesnais, Pierre Georget,
Fechas asociadas al nombre 1865-1948
9 (RLIN) 70386
700 1# - ENTRADA AGREGADA--NOMBRE PERSONAL
Nombre de persona Bojer, Johan.
9 (RLIN) 29924
700 1# - ENTRADA AGREGADA--NOMBRE PERSONAL
Nombre de persona Maury, Lucien.
9 (RLIN) 79277
830 0# - PUNTO DE ACCESO ADICIONAL DE SERIE-TÍTULO UNIFORME
Título uniforme Le cabinet cosmopolite ;
Designación de volumen o secuencia 29
9 (RLIN) 184129
852 ## - LOCALIZACIÓN
Ubicación ES-MaACL
Número de control de estantería A-2073
Existencias
Estatus retirado Estado de pérdida Estado de daño No para préstamo Biblioteca de origen Biblioteca actual Ubicación en estantería Fecha de adquisición Fuente de adquisición Total de préstamos Signatura topográfica completa Código de barras Visto por última vez Precio de reemplazo Tipo de ítem Koha
        Biblioteca del Ateneo de Madrid Biblioteca del Ateneo de Madrid Sala Pecera Planta 1 17/01/2008     A-2073 1147540 23/02/2023 23/02/2023 Libro impreso